000 00879nam a2200289 c 4500
999 _c82504
_d82504
003 BLK
005 20220225170457.0
008 180408b bul|||||r ||||||| ||bul||
010 _aKNG00087036000
040 _aBLK
041 _aBUL
_cBUL
072 7 _2bullib
_aК
_xКраезнание
080 _aБългарска литература
_b821.163.2
_x-1
_z821.163.2-1
100 1 _aПушкаров, Димитър
_eпърви автор
_9300557
139 _aПушкаров, Димитър
_bП 94
245 1 0 _aСтихотворения
_cДимитър Пушкаров.
257 _aBGR
260 _bИзд. авт.
_c2008
300 _a48 с.
_c21 см
380 _aX
659 _aК
852 _aЦб 242231
852 _aК 821.163.2/П 94 Д
856 4 _qpdf
856 4 _qpdf
942 _cKNG
_n0
_s1
944 _aCR
_c29.12.2008
_lф /
_kМилена_Ачева
944 _aED
_c15.01.2009
_lф /
999 _d82504